zpět

Detail výsledku týmu

Pod Komínem, Šumperk

Datum a čas kvízu

23 Celkem bodů Celkový počet nahraných bodů na tomto kvízu bez doplňovacích otázek.
4. Pořadí na kvízu Konečné umístění týmu na tomto kvízu.

Zaznamenané odpovědi

# Otázka Odpověď Body Výsledky
1. Jaroslav Foldyna z ČSSD si na... 0
2. Minulý týden byla v archivu v... 1
3. Největší úspěch na předávání E... 0
4. Evropské nezávislé konsorcium,... 1
5. Legendární norský běžec na lyž... 1
6. Co ukradli Františku Loukovi n... 1
7. Student Plha potká ve filmu Ma... 1
8. Jak se jmenují pletichářští rá... 0
9. "Tato kašna a vlasy paní sládk... 1
10. „Hele, Hanko, já ti musim něco... 1